Southville International School and Colleges
Your cart is empty.
  • Cart
  • Lists
    Public lists Eva Luna New books Lux_list list_1
    Your lists Log in to create your own lists
  • Log in to your account
  • Your cookies
  • Search history
Southville International School and Colleges
  • Advanced search
  • Recent comments
  • Most popular
  • Libraries

Log in to your account

Log in with GOOGLE


If you do not have an external account, but do have a local account, you can still log in:

  1. Home
  2. MARC view: Modern software engineering
Normal view MARC view ISBD view

Modern software engineering (Record no. 366038)

[ view plain ]
MARC details
000 -LEADER
fixed length control field 00618nam a22002057a 4500
003 - CONTROL NUMBER IDENTIFIER
control field 0
005 - DATE AND TIME OF LATEST TRANSACTION
control field 20240727103648.0
008 - FIXED-LENGTH DATA ELEMENTS--GENERAL INFORMATION
fixed length control field 240727b xxu||||| |||| 00| 0 eng d
020 ## - INTERNATIONAL STANDARD BOOK NUMBER
International Standard Book Number 9781647263324
050 ## - LIBRARY OF CONGRESS CALL NUMBER
Classification number QA 76.758
Item number .M36 2023
100 ## - MAIN ENTRY--PERSONAL NAME
Personal name McNeil, Ryan
245 ## - TITLE STATEMENT
Title Modern software engineering
Statement of responsibility, etc Ryan McNeil
260 ## - PUBLICATION, DISTRIBUTION, ETC. (IMPRINT)
Place of publication, distribution, etc New York, New York
Name of publisher, distributor, etc Clanrye International
Date of publication, distribution, etc 2023.
300 ## - PHYSICAL DESCRIPTION
Extent viii, 200 pages ;
Dimensions 27cm.
504 ## - BIBLIOGRAPHY, ETC. NOTE
Bibliography, etc Includes bibliographical references and index.
650 ## - SUBJECT ADDED ENTRY--TOPICAL TERM
Topical term or geographic name as entry element Software engineering.
650 ## - SUBJECT ADDED ENTRY--TOPICAL TERM
Topical term or geographic name as entry element Computer programming.
650 ## - SUBJECT ADDED ENTRY--TOPICAL TERM
Topical term or geographic name as entry element Computer networks.
942 ## - ADDED ENTRY ELEMENTS (KOHA)
Source of classification or shelving scheme Library of Congress Classification
Koha item type Books
Holdings
Withdrawn status Lost status Source of classification or shelving scheme Damaged status Home library Current library Shelving location Date acquired Source of acquisition Sub Shelving location Total Checkouts Full call number Barcode Date last seen Price effective from Koha item type
    Library of Congress Classification   College Library College Library Reserve Section 07/27/2024 Library Fund     QA 76.758 .M36 2023 C23453 07/27/2024 07/27/2024 Books

Modern software engineering

APA

McNeil R., . (2023). Modern software engineering. New York, New York: Clanrye International.

Chicago

McNeil Ryan, . 2023. Modern software engineering. New York, New York: Clanrye International.

Harvard

McNeil R., . (2023). Modern software engineering. New York, New York: Clanrye International.

MLA

McNeil Ryan, . Modern software engineering. New York, New York: Clanrye International. 2023.

  • Place hold
  • Print
  • Cite
  • Add to your cart (remove)
  • Save record
    BIBTEX Dublin Core MARCXML MARC (non-Unicode/MARC-8) MARC (Unicode/UTF-8) MARC (Unicode/UTF-8, Standard) MODS (XML) RIS
  • More searches
    Search for this title in:
    Other Libraries (WorldCat) Other Databases (Google Scholar) Online Stores (Bookfinder.com) Open Library (openlibrary.org)

Exporting to Dublin Core...

SOUTHVILLE LIBRARY

Southville International School and Colleges Library

1281 Tropical Ave. Cor. Luxembourg St., BF Homes International, Las Pinas City

Tel. No. 8256374 / 252358 Loc. 117/146

Powered by Koha